Introduction to modern photogrammetry (Record no. 14497)

MARC details
000 -LEADER
fixed length control field 00615nam a2200205Ia 4500
003 - CONTROL NUMBER IDENTIFIER
control field IN-BaIIA
008 - FIXED-LENGTH DATA ELEMENTS--GENERAL INFORMATION
fixed length control field 211028s9999 xx 000 0 eng d
020 ## - INTERNATIONAL STANDARD BOOK NUMBER
International Standard Book Number 0-471-30924-9
040 ## - CATALOGING SOURCE
Transcribing agency IIA Library
080 ## - UNIVERSAL DECIMAL CLASSIFICATION NUMBER
Universal Decimal Classification number 528.7
Item number MIK
100 ## - MAIN ENTRY--PERSONAL NAME
Personal name Mikhail, Edward M
9 (RLIN) 25737
245 #0 - TITLE STATEMENT
Title Introduction to modern photogrammetry
Statement of responsibility, etc. Edward M. Mikhail, James S. Bethel and J. Chris McGlone
260 ## - PUBLICATION, DISTRIBUTION, ETC.
Place of publication, distribution, etc. New York
Name of publisher, distributor, etc. John Wiley & Sons
Date of publication, distribution, etc. 2001
300 ## - PHYSICAL DESCRIPTION
Extent ix, 479p.
650 ## - SUBJECT ADDED ENTRY--TOPICAL TERM
Topical term or geographic name entry element Digital photometry
9 (RLIN) 25738
650 ## - SUBJECT ADDED ENTRY--TOPICAL TERM
Topical term or geographic name entry element Photometry
9 (RLIN) 1839
700 ## - ADDED ENTRY--PERSONAL NAME
Personal name Bethel, James S
9 (RLIN) 25739
700 ## - ADDED ENTRY--PERSONAL NAME
Personal name McGlone, J Chris
9 (RLIN) 25740
942 ## - ADDED ENTRY ELEMENTS (KOHA)
Koha item type Books
Holdings
Withdrawn status Lost status Damaged status Not for loan Home library Current library Shelving location Date acquired Source of acquisition Cost, normal purchase price Total Checkouts Full call number Barcode Date last seen Cost, replacement price Price effective from Koha item type Purchase Price
        IIA Library-Bangalore IIA Library-Bangalore General Stacks 19/02/2002 ANJ 1346.35   528.7/ MIK 15419 05/11/2021 1346.35 19/02/2002 Books Rs. 1346.35

Powered by Koha